000 00436nam a2200181Ia 4500
001 24377
005 20260414151039.0
008 260414t2014||||xx |||||||||||||| ||spa||
041 _aESP
082 _a345.7
_bC34
100 _aCastillo Quispe, Máximo
_eAUT
245 0 _aManual de derecho procesal civil
_b
260 _c2014
300 _a775 páginas :
_c24 cm.
650 _aDER
654 _aCDE
942 _cLIB
_dJUS
_fJUS
_2ddc
_n
999 _c24377
_d24377